| 000 | 00681nam a2200241 i 4500 | ||
|---|---|---|---|
| 001 | 46157 | ||
| 003 | ES-MaACL | ||
| 005 | 20230906161334.0 | ||
| 007 | t| | ||
| 008 | 030328s1986 sp d |||| | spa d | ||
| 020 | _a84-339-1280-1 | ||
| 080 | _a820(73)-312.4(03) | ||
| 100 | 1 |
_aComa, Javier. _939923 |
|
| 245 | 1 | 0 |
_aDiccionario de la novela negra norteamericana / _cJavier Coma. |
| 260 |
_aBarcelona : _bAnagrama, _c[1986] |
||
| 300 |
_a248 p. ; _c20 cm. |
||
| 490 | 1 | _aContraseñas | |
| 504 | _aBibliografía. | ||
| 650 | 4 |
_aNovela negra norteamericana- _vDiccionarios. _9148118 |
|
| 830 | 0 |
_aContraseñas _9179727 |
|
| 852 |
_aES-MaACL _jL-9992 |
||
| 999 |
_c46157 _d46157 |
||